| 000 | 00396 a2200133 4500 | ||
|---|---|---|---|
| 001 | 91271 | ||
| 082 | _aPR 1180 | ||
| 090 |
_c43362 _d43362 |
||
| 100 | _aKamal Haider; Prof Azfar Sameen and Munir (Advisors) | ||
| 245 |
_aConceptual Design of a March 2.0 Plus Variable Geometry Intake _n41 "A" EC |
||
| 260 |
_aKarachi _bNED University _c1994 |
||
| 300 | _avii,104p | ||
| 500 | _aBE Project Reports | ||
| 942 |
_aCAE NUST _kPR 1180 |
||
| 999 |
_c326344 _d326344 |
||